Метрологическое обеспечение геометрических характеристик изделий (Запись № 13717777)

Подробности
000 -МАРКЕР
контрольное поле 02579nam0a2200397 4500
001 - ИДЕНТИФИКАТОР ЗАПИСИ
контрольное поле RU\NLR\BIBL_A\022767153
005 - ИДЕНТИФИКАТОР ВЕРСИИ
контрольное поле 20260629062735.0
010 ## - МЕЖДУНАРОДНЫЙ СТАНДАРТНЫЙ НОМЕР КНИГИ (ISBN)
Номер (ISBN) 978-5-8149-4030-8
Тираж 40
021 ## - НОМЕР ГОСУДАРСТВЕННОЙ РЕГИСТРАЦИИ
Код страны Российская Федерация
Номер КН-П-26-006462
Номер Листа государственной регистраци КН-П-26-0628
035 ## - ДРУГИЕ СИСТЕМНЫЕ НОМЕРА
Идентификатор записи (NLR Aleph) 022767153
100 ## - ДАННЫЕ ОБЩЕЙ ОБРАБОТКИ
Данные общей обработки 20260326d2025 km y0rusy50 ca
101 0# - ЯЗЫК РЕСУРСА
Язык текста, звукозаписи и т.д. русский
102 ## - СТРАНА ПУБЛИКАЦИИ ИЛИ ПРОИЗВОДСТВА
Страна публикации Российская Федерация
105 ## - ПОЛЕ КОДИРОВАННЫХ ДАННЫХ: ТЕКСТОВЫЕ МАТЕРИАЛЫ, МОНОГРАФИЧЕСКИЕ
Кодированные данные о монографическом текстовом документе a j 000yy
181 #0 - ПОЛЕ КОДИРОВАННЫХ ДАННЫХ: ВИД СОДЕРЖАНИЯ
Код вида содержания (ISBD) i3
Код характеристики содержания (ISBD) axxe
182 #0 - ПОЛЕ КОДИРОВАННЫХ ДАННЫХ: ТИП СРЕДСТВА
Код типа средства (ISBD) n - непосредственное
200 1# - ЗАГЛАВИЕ И СВЕДЕНИЯ ОБ ОТВЕТСТВЕННОСТИ
Основное заглавие Метрологическое обеспечение геометрических характеристик изделий
Сведения, относящиеся к заглавию учебник
-- для студентов направления 27.03.01 "Стандартизация и метрология", а также всех технических специальностей
Первые сведения об ответственности В. И. Глухов, Л. Г. Варепо, О. В. Трапезникова, Д. Б. Мартемьянов
Последующие сведения об ответственности Минобрнауки России, Федеральное государственное автономное образовательное учреждение высшего образования "Омский государственный технический университет"
203 ## - ВИД СОДЕРЖАНИЯ И ТИП СРЕДСТВА
Вид содержания Текст
Дополнительные сведения об издании визуальный
Тип средства непосредственный
210 ## - ПУБЛИКАЦИЯ, РАСПРОСТРАНЕНИЕ И ДР.
Место издания, распространения и т.д. Омск
Имя издателя, распространителя и т. д. Изд-во ОмГТУ
Дата издания, распространения и т.д. 2025
215 ## - ФИЗИЧЕСКАЯ ХАРАКТЕРИСТИКА
Специфическое обозначение материала и объем 250 с.
Другие сведения о физической характеристике схемы
Размеры 21
300 ## - ОБЩИЕ ПРИМЕЧАНИЯ
Текст примечания Авт. указаны на обороте тит. с.
320 ## - ПРИМЕЧАНИЯ О НАЛИЧИИ В ДОКУМЕНТЕ БИБЛИОГРАФИИ / УКАЗАТЕЛЯ
Текст примечания Библиогр.: с. 236-248 (86 назв.)
606 1# - НАИМЕНОВАНИЕ ТЕМЫ КАК ПРЕДМЕТ
Наименование темы Машиностроение
Формальный подзаголовок Учебники для высших учебных заведений
Тематический подзаголовок Метрологическая служба
Системный номер авторитетной/нормативной записи 2663127
Идентификатор авторитетной/нормативной записи RU\NLR\AUTH\6601751154
606 1# - НАИМЕНОВАНИЕ ТЕМЫ КАК ПРЕДМЕТ
Наименование темы Детали машин
Формальный подзаголовок Учебники для высших учебных заведений
Тематический подзаголовок Геометрические параметры
-- Контроль
Системный номер авторитетной/нормативной записи 2427759
Идентификатор авторитетной/нормативной записи RU\NLR\AUTH\6601663643
686 1# - ИНДЕКСЫ ДРУГИХ КЛАССИФИКАЦИЙ
Индекс К5-7я73-1
701 #1 - ИМЯ ЛИЦА - АЛЬТЕРНАТИВНАЯ ОТВЕТСТВЕННОСТЬ
Графика поля Кириллица
Материалы, к которым относится поле rus
Начальный элемент ввода Глухов
Часть имени, кроме начального элемента ввода В. И.
Дополнения к именам, кроме дат д-р техн. наук
Расширение инициалов личного имени Владимир Иванович
Системный номер авторитетной/нормативной записи 160249
Идентификатор авторитетной/нормативной записи RU\NLR\AUTH\770160290
701 #1 - ИМЯ ЛИЦА - АЛЬТЕРНАТИВНАЯ ОТВЕТСТВЕННОСТЬ
Начальный элемент ввода Варепо
Часть имени, кроме начального элемента ввода Л. Г.
Расширение инициалов личного имени Лариса Григорьевна
701 #1 - ИМЯ ЛИЦА - АЛЬТЕРНАТИВНАЯ ОТВЕТСТВЕННОСТЬ
Начальный элемент ввода Трапезникова
Часть имени, кроме начального элемента ввода О. В.
Расширение инициалов личного имени Ольга Валерьевна
701 #1 - ИМЯ ЛИЦА - АЛЬТЕРНАТИВНАЯ ОТВЕТСТВЕННОСТЬ
Начальный элемент ввода Мартемьянов
Часть имени, кроме начального элемента ввода Д. Б.
Расширение инициалов личного имени Денис Борисович
712 02 - НАИМЕНОВАНИЕ ОРГАНИЗАЦИИ - ВТОРИЧНАЯ ОТВЕТСТВЕННОСТЬ
Код отношения Издающая организация
Начальный элемент ввода Омский государственный технический университет
Идентификатор авторитетной/нормативной записи RU\NLR\AUTH\889934724
Системный номер авторитетной/нормативной записи 364485
942 ## - ДОПОЛНИТЕЛЬНЫЕ ЭЛЕМЕНТЫ ЗАПИСИ (АБИС)
Тип экземпляра АБИС Книга
980 ## - КОЛЛЕКЦИЯ
Название коллекции Национальная библиография

Нет доступных экземпляров.